=LDR 00000nam 2200000 4500 =001 INLIS000000000052755 =005 20180227123950 =035 ##$$a 0010-0218000451 =007 ta =008 180227###########################0###### =020 ##$$a 978-979-756-413-1 =082 ##$$a 511 =084 ##$$a 511 SAM m =100 #$$a Samuel wibisono =245 1#$$a Matematika diskrit /$c Samuel wibisono =250 ##$$a Ed. 2 =260 ##$$a Yogyakarta :$b Graha ilmu,$c 2008 =300 ##$$a xi, 195 hlm : $b Ilus ; $c 23 cm =500 ##$$a Biografi : hlm. 195 =650 ##$$a Matematik diskrit =700 #$$a Asrining rizky rachmawati =504 ##$$a Bibliografi : hlm. 193 =990 ##$$a 50015001 =990 ##$$a 50015001 =990 ##$$a 50015001 =990 ##$$a 50015001 =990 ##$$a 50015001 =990 ##$$a 21709031 =990 ##$$a 01201805001 =990 ##$$a 01201805002 =990 ##$$a 01201805003 =990 ##$$a 01201805004 =990 ##$$a 21709032 =990 ##$$a 01201805001 =990 ##$$a 01201805002 =990 ##$$a 01201805003 =990 ##$$a 21709031 =990 ##$$a 21709033 =990 ##$$a 01201805001 =990 ##$$a 01201805002 =990 ##$$a 21709032 =990 ##$$a 21709031 =990 ##$$a 21709034 =990 ##$$a 01201805001 =990 ##$$a 21709033 =990 ##$$a 21709032 =990 ##$$a 21709031 =990 ##$$a 21709035 =990 ##$$a 21709034 =990 ##$$a 21709033 =990 ##$$a 21709032 =990 ##$$a 21709031